000
00247nam a2200097Ia 4500
001
688780
005
20250826161621.0
008
250824s9999 xx 000 0 und d
245
0
_a
ÇANAKKALE SAVAŞINDA
_c
MUSTAFA ORAKÇI
260
_b
TİMAŞ YAYINLARI
999
_c
688780
_d
688780